书目信息 |
| 题名: |
基因工程学原理
|
|
| 作者: | 马建岗 主编 | |
| 分册: | ||
| 出版信息: | 西安 西安交通大学出版社 2001.11 |
|
| 页数: | 247页 | |
| 开本: | 26cm | |
| 丛书名: | ||
| 单 册: | ||
| 中图分类: | Q78 | |
| 科图分类: | ||
| 主题词: | 遗传工程 | |
| 电子资源: | ||
| ISBN: | 7-5605-1434-0 | |
| 000 | 00545nam0 2200193 45 | |
| 001 | 0455463360 | |
| 005 | 2004042815241942 | |
| 010 | @a7-5605-1434-0@dCNY 21.00 | |
| 100 | @a20040428d2001 km y0chiy0120 ea | |
| 101 | 0 | @achi |
| 102 | @aCN@b610000 | |
| 200 | 1 | @a基因工程学原理@AJi Yin Gong Cheng Xue Yuan Li@f马建岗主编@FMa Jian Gang Zhu Bian |
| 210 | @a西安@c西安交通大学出版社@d2001.11 | |
| 215 | @a247页@d26cm | |
| 606 | 0 | @a遗传工程 |
| 690 | @aQ78@v3 | |
| 701 | 0 | @a马建岗@AMa Jian Gang@4主编 |
| 801 | 0 | @aCN@bPFT@c20040428 |
| 905 | @dQ78@eM072 | |
| 基因工程学原理/马建岗主编.-西安:西安交通大学出版社,2001.11 |
| 247页;26cm |
| ISBN 7-5605-1434-0:CNY 21.00 |
| ● |
| 相关链接 |
|
|
|
正题名:基因工程学原理
索取号:Q78/M072
 
预约/预借
| 序号 | 登录号 | 条形码 | 馆藏地/架位号 | 状态 | 备注 |
| 1 | 383370 | 203833708 | 自科库401/401自科库 31排2列4层/ [索取号:Q78/M072] | 在馆 | |
| 2 | 383371 | 203833717 | 自科库401/401自科库 31排2列4层/ [索取号:Q78/M072] | 在馆 | |
| 3 | 383372 | 203833726 | 自科库401/401自科库 31排2列4层/ [索取号:Q78/M072] | 在馆 |